01320 2200301 4500001002100000005001500021035002000036007000300056008004100059020001800100082001000118084001400128245013300142250002000275300003800295500043100333650001400764700002100778700002700799740004000826264003000866336002100896337003000917338002300947990001600970990001600986990001601002INLIS00000000000005920260416081254 a0010-0426000058ta260416 g 0  a9789792932270 a006.7 a006.7 TIP aTips & trik adobe dreamweaver cs5.5 /cEditor, Hernita P. ; setting, Sri Mulanto ; desain cover, Bowo ; korektor, Thomas Pribadi acetakan pertama a244 halaman :bilustrasi ;c23 cm aAdobe dreamweaver cs5.5 merupakan salah satu tool populer yang digunakan untuk mendesain sekaligus pemrograman web. Dreamweaver memberikan fasilitas untuk mengedit HTML secara visual. Aplikasi ini menyertakan banyak perangkat yang berkaitan dengan pengkodean dan fitur seperti HTML, CSS, serta JavaScript. elain itu, aplikasi itu, aplikasi ini memungkinkan pengeditan JavaScript, XML, dan dokumen teks lainnya secara langsung. 4aSitus Web0 aBowoeIlustrator0 aHernita P.ePenyunting aTips & trik adobe dreamweaver cs5.5 aYogyakarta :bANDI,c2012 2rdacontentateks 2rdamediaatanpa perantara 2rdacarrieravolume aPP000126/19 aPP000985/19 aPP003819/19